000 01851cam a22003374a 4500
999 _c7684
_d7684
001 15335999
003 OSt
005 20200123094117.0
008 080619s2009 mau b 001 0 eng
010 _a 2008027486
020 _a9780070221796
020 _a0070221790
040 _aDLC
_cDLC
_dDLC
050 0 0 _aHD62.4
_b.H548 2009
082 0 0 _a658.049
_222
_bHIL/G
100 _a Hill, Charles W L
_91305
245 1 0 _aGlobal business today /
_cCharles W.L. Hill.
250 _a6th ed.
260 _aBoston :
_bMcGraw-Hill Irwin,
_cc2009.
300 _axxiii, 608 p. :
_bcol. ill., maps ;
_c26 cm.
504 _aIncludes bibliographical references (p. 557-582) and index.
505 0 _aGlobalization -- National differences in political economy -- Differences in culture -- Ethics in international business -- Cross-border trade and investment -- International trade theory -- The political economy of international trade -- Foreign director investment -- Regional economic integration -- Global money system -- The foreign exchange market -- The international monetary system -- The strategy of international business -- Entering foreign markets -- Exporting, importing, and countertrade -- Global production, outsourcing, and logistics -- Global marketing and R&D -- Global human resource management.
650 0 _aInternational business enterprises
_xManagement.
650 0 _aInternational trade.
650 0 _aInvestments, Foreign.
650 0 _aCapital market.
856 4 1 _3Table of contents only
_uhttp://www.loc.gov/catdir/toc/ecip0821/2008027486.html
906 _a7
_bcbc
_corignew
_d1
_eecip
_f20
_gy-gencatlg
942 _2ddc
_cBK
_h658.049
_iHIL/G
_k658.049
_mHIL/G